000 003190000a22001450004500
001 005663
003 MACL
040 _aMACL
090 _c17656
_d17655
245 _aPhailavat
_bDas Rao Ram Saran
260 _aBaptist Mission Press Calcutta,
_c1845
350 _a0.18
650 _aUrdu Literature
942 _k891
_cBook
999 _c17545
_d17545